[Event "Paris-ch op-B"]
[Site "Paris"]
[Date "2010.07.06"]
[Round "3"]
[White "Vine, Thibault"]
[Black "Plantive, Bertrand"]
[Result "1/2-1/2"]
[WhiteElo "1735"]
[BlackElo "1856"]
[PlyCount "63"]
[EventDate "2010.07.03"]
[EventType "swiss"]
[EventRounds "9"]
[EventCountry "FRA"]
[SourceTitle "CBM 137 Extra"]
[Source "ChessBase"]
[SourceDate "2010.09.01"]
[SourceVersion "1"]
[SourceVersionDate "2010.09.01"]
[SourceQuality "1"]

1. e4 c5 2. d3 Nc6 3. Nc3 e6 4. g3 a6 5. Bg2 b5 6. a3 Bb7 7. Be3 Nd4 8. Nce2 Nxe2 9. Nxe2 d5 10. exd5 exd5 11. d4 c4 12. c3 Be7 13. 0-0 Nf6 14. Nf4 0-0 15. Re1 Re8 16. Nh5 Qd7 17. Nxf6+ Bxf6 18. g4 Bd8 19. Qf3 Bc7 20. Bf4 Bxf4 21. Qxf4 a5 22. h3 Rad8 23. Rad1 b4 24. axb4 axb4 25. Ra1 bxc3 26. bxc3 Bc6 27. Rab1 Rxe1+ 28. Rxe1 Re8 29. Rxe8+ Qxe8 30. Qd6 Qa8 31. Kh2 Bb7 32. Qd7 1/2-1/2

[Event "Paris-ch op-B"]
[Site "Paris"]
[Date "2009.07.09"]
[Round "6"]
[White "Plantive, Bertrand"]
[Black "Miannay, Michel"]
[Result "1-0"]
[WhiteElo "1846"]
[BlackElo "1758"]
[PlyCount "75"]
[EventDate "2009.07.04"]
[EventType "swiss"]
[EventRounds "9"]
[EventCountry "FRA"]
[SourceTitle "EXT 2010"]
[Source "ChessBase"]
[SourceDate "2010.11.25"]
[SourceVersion "1"]
[SourceVersionDate "2010.11.25"]
[SourceQuality "1"]

1. e4 c5 2. Nf3 d6 3. d4 cxd4 4. Nxd4 Nf6 5. Nc3 a6 6. Bg5 e6 7. f4 Be7 8. Qf3 Nbd7 9. 0-0-0 Qc7 10. g4 b5 11. a3 Bb7 12. Bg2 Rc8 13. Bxf6 Nxf6 14. Qh3 d5 15. e5 Ne4 16. Bxe4 dxe4 17. f5 Qxe5 18. fxe6 0-0 19. exf7+ Rxf7 20. Rhe1 g6 21. Kb1 b4 22. axb4 Bxb4 23. Re3 Bc5 24. Nce2 Rcf8 25. Qg3 Qd5 26. Qe1 Rf1 27. Qd2 R8f2 28. c3 Be7 29. Qc2 Bg5 30. Rg3 Qd6 31. Rg1 Rxg1 32. Rxg1 e3 33. Rd1 Qb6 34. Qa4 Be4+ 35. Ka1 Rf8 36. Qa2+ Kh8 37. Ne6 Rf3 38. Nxg5 1-0

[Event "Paris-ch op-B"]
[Site "Paris"]
[Date "2009.07.05"]
[Round "2"]
[White "Plantive, Bertrand"]
[Black "Heitz, Robert"]
[Result "0-1"]
[WhiteElo "1846"]
[BlackElo "1723"]
[PlyCount "54"]
[EventDate "2009.07.04"]
[EventType "swiss"]
[EventRounds "9"]
[EventCountry "FRA"]
[SourceTitle "EXT 2010"]
[Source "ChessBase"]
[SourceDate "2010.11.25"]
[SourceVersion "1"]
[SourceVersionDate "2010.11.25"]
[SourceQuality "1"]

1. e4 c5 2. Nf3 d6 3. d4 cxd4 4. Nxd4 Nf6 5. Nc3 g6 6. Be3 Bg7 7. f3 0-0 8. Qd2 Nc6 9. 0-0-0 d5 10. exd5 Nxd5 11. Nxc6 bxc6 12. Bd4 e5 13. Bc5 Be6 14. Ne4 Re8 15. h4 Qc7 16. Bc4 Red8 17. Bb3 a5 18. Qf2 a4 19. Bc4 Qb7 20. g4 Rab8 21. c3 Nf4 22. Nd6 Rxd6 23. Bxd6 Bxc4 24. Bxb8 Qxb8 25. Kb1 e4 26. fxe4 Ne2 27. Rh3 Bxc3 0-1